| 000 | 00877nam a2200241 i 4500 | ||
|---|---|---|---|
| 001 | 172491 | ||
| 003 | ES-MaACL | ||
| 005 | 20251116063112.0 | ||
| 008 | 090710s1980 sp |||| | spa d | ||
| 017 | _aM 35800-1980 | ||
| 020 | _a84-309-0595-2 | ||
| 080 | _a347.91/.95(460)(078.7) | ||
| 100 | 0 |
_aPrieto-Castro y Ferrándiz, Leonardo _993919 |
|
| 245 | 1 | 0 |
_aModelos para la práctica jurídica procesal civil _b: (proceso civil declarativo y de ejecución) / _ccompuesto por Leonardo Prieto-Castro y Ferrándiz. |
| 250 | _a3ª ed. | ||
| 260 |
_aMadrid : _bTecnos, _c1980. |
||
| 300 |
_a283 p. ; _c21 cm. |
||
| 490 | 1 |
_aManuales universitarios españoles ; _v3 |
|
| 650 | 4 |
_aProcedimiento civil- _zEspaña- _vCasos. _9141030 |
|
| 830 | 0 |
_aManuales universitarios españoles ; _v3 _9184446 |
|
| 852 |
_aES-MaACL _jE-12806 _9R.143566 |
||
| 999 |
_c172491 _d172491 |
||